Statistics for Cities by Central Square

Click here to take the quiz!

General Stats

  • This quiz has been taken 18 times
  • The average score is 12 of 15

Answer Stats

HintAnswer% Correct
Tiananmen SquareBeijing
100%
Trafalgar SquareLondon
100%
Red SquareMoscow
100%
Times SquareNew York City
100%
St. Peter's SquareVatican City
100%
Plaza MayorMadrid
94%
Plaza de la RepúblicaBuenos Aires
89%
Tahrir SquareCairo
89%
Piazza del DuomoMilan
89%
Shibuya CrossingTokyo
89%
Piazza San MarcoVenice
89%
ZócaloMexico City
78%
Pershing SquareLos Angeles
39%
Palace SquareSt. Petersburg
28%
Parade SquareWarsaw
17%

Score Distribution

Percentile by Number Answered

Percent of People with Each Score

Your Score History

You have not taken this quiz